000 01106nam a2200337 i 4500
001 198334
003 ES-MaACL
005 20260520172944.0
007 ta
008 260520s1941 sp a|||| |||| 001 1 spa d
040 _aES-MaACL
_bspa
_cES-MaACL
_erda
080 _a821.134.2-1"19"(082.2)
100 1 _4aut
_aDiego, Gerardo
_eaut
_9243092
245 1 0 _aPrimera antología de sus versos /
_cGerardo Diego
250 _aPrimera edición popular especialmente autorizada por el autor para la Colección Austral
264 1 _aMadrid :
_bEspasa-Calpe,
_c1941
300 _a281 páginas ;
_c18 cm
336 _2rdacontent
_aTexto
337 _2rdamedia
_asin mediación
338 _2rdacarrier
_avolumen
490 0 _aColección Austral ;
_v219
500 _aRegistro provisional
500 _aFirma en portada de J. Porto
500 _aÍndice
655 4 _aAntologías
_9176540
655 4 _aPoesías
_9176539
852 _aES-MaACL
_cDES
_jDB-183
_hDonación: J. Porto
_xEncuadernación rústica
942 _cMONOGRAFIA
_n0
999 _c198334
_d198334